| 000 | nam a22 7a 4500 | ||
|---|---|---|---|
| 999 |
_c27464 _d27463 |
||
| 003 | OSt | ||
| 005 | 20170518104604.0 | ||
| 008 | 170509b xxu||||| |||| 00| 0 eng d | ||
| 020 | _a1418049352 | ||
| 040 |
_aMMU _beng _cMMU _dMMU |
||
| 050 | _aTT958 .B345 2008 | ||
| 245 |
_aMilady's standard cosmetology _cArlene Alpert...[et al.]. |
||
| 260 |
_aNew York : _bCengage , _c2008 |
||
| 300 | _alii, 897 p. | ||
| 500 | _aIncludes index | ||
| 650 | _aCosmetology | ||
| 942 |
_2lcc _cLOAN LOAN |
||